Loading...
Any History | 3 | 20.00 | 100% | 67% | 33% |
Current Events | 3 | 16.67 | 100% | 33% | 33% |
Fine Arts - Classical Music | 5 | 6.00 | 60% | 0% | 0% |
Fine Arts - Other Fine Arts | 3 | 20.00 | 100% | 67% | 33% |
Geography | 5 | 16.00 | 100% | 60% | 0% |
History - American History | 6 | 15.00 | 83% | 50% | 17% |
History - European History | 4 | 15.00 | 100% | 25% | 25% |
History - World History | 8 | 13.75 | 100% | 25% | 13% |
Literature - American Literature | 6 | 10.00 | 83% | 17% | 0% |
Literature - British Literature | 4 | 2.50 | 25% | 0% | 0% |
Literature - European Literature | 6 | 10.00 | 67% | 33% | 0% |
Literature - World Literature | 4 | 10.00 | 100% | 0% | 0% |
Other Academic | 2 | 15.00 | 100% | 50% | 0% |
Painting & Sculpture | 6 | 6.67 | 67% | 0% | 0% |
Philosophy | 6 | 8.33 | 67% | 17% | 0% |
Religion | 6 | 11.67 | 100% | 17% | 0% |
Science - Biology | 2 | 5.00 | 50% | 0% | 0% |
Science - Chemistry | 5 | 6.00 | 60% | 0% | 0% |
Science - Other Science | 3 | 6.67 | 67% | 0% | 0% |
Science - Physics | 2 | 5.00 | 50% | 0% | 0% |
Social Science | 7 | 17.14 | 100% | 57% | 14% |